| 000 | 00404nam a2200121 a 4500 | ||
|---|---|---|---|
| 008 | 120416s1967 xx |||||||||||||| || u | ||
| 050 | _aNC 735 Wym | ||
| 100 | _aWyman, Jenifer D | ||
| 245 | 1 | 0 | _aPrimer of perception |
| 260 | _c1967 | ||
| 350 | _a0.00 | ||
| 995 |
_D0.00 _FCBU-MAIN LIBRARY (Kitwe) _H1 _I5.80 _UAVAILABLE _ZAnnex Low-Usage Collection |
||
| 999 |
_c54470 _d54470 |
||